000 00822nam a2200181Ia 4500
003 GCL
005 20240530104408.0
008 140319s9999 xx 000 0 ara d
040 _aGCL /
_cGCL
082 0 4 _a811.094
_bع ع
100 1 _aعبدالرحمن الابنودى
245 1 0 _aعبدالرحمن الابنودى : نص الرسايل المتبادلة بين حراجى القط العامل* فى السد العالى* وزوجته فاطنه احمد عبدغفار من جبلاية الفار(هدية من الاديب عبدالفتاح الجمل) /
_cعبدالرحمن الابنودى
300 _a154 ص
490 _aالهيئة العامة للاستعلامات
_v0
650 0 4 _aالادب العربى
650 0 4 _aالشعر العربى - العصر الحديث
942 _2ddc
_cBK
999 _c47214
_d47214